LEADER 01046nam a2200241 i 4500 001 991001702319707536 005 20020503152645.0 008 970130s1982 be ||| | fre 035 $ab10260791-39ule_inst 035 $aEXGIL90041$9ExL 040 $aBiblioteca Interfacoltà$bita 100 1 $aVorst, Pierre : van der$0465457 245 10$aA l'enseigne de la braconne :$ble parfait petit braconnier :$bbraconnages, braconnerie, braques, braconneux et braconniers, hier et aujourd'hui /$cpar Pierre van der Vorst 260 $a[Bruxelles :$bEditions de l'Université,$c1982] 300 $a313 p. :$bill. ;$c24 cm. 500 $aCorrisponde a: Revue de l'Université de Bruxelles ; n. 3-4, 1982. 650 4$aBracconaggio 907 $a.b10260791$b02-04-14$c27-06-02 912 $a991001702319707536 945 $aLE002 St. XVII H 17$g1$i2002000713445$lle002$o-$pE0.00$q-$rl$s- $t0$u0$v0$w0$x0$y.i10311312$z27-06-02 996 $aA l'enseigne de la braconne$9211306 997 $aUNISALENTO 998 $ale002$b01-01-97$cm$da $e-$ffre$gbe $h0$i1